|
|
|
|
| LEADER |
01552nam a22003017a 4500 |
| 001 |
33734 |
| 003 |
BD-DhAAL |
| 005 |
20181009162527.0 |
| 008 |
180916t2018 bg aa||g |||| 000 0 eng d |
| 999 |
|
|
|c 40020
|d 40020
|
| 020 |
|
|
|a 9789845191388
|
| 040 |
|
|
|a BD-DhAAL
|
| 082 |
|
|
|a 304.6095492
|
| 245 |
|
|
|a Report on Bangladesh Sample Vital Statistics 2017 /
|c Bangladesh Bureau of Statistics (BBS), Statistics and Informatics Division (SID), Ministry of Planning, Government of the People's Republic of Bangladesh.
|
| 260 |
|
|
|a Dhaka :
|b Bangladesh Bureau of Statistics, Statistics and Informatics Division, Ministry of Planning, Government of the People's Republic of Bangladesh,
|c 2018
|
| 300 |
|
|
|a xliv, 145 pages :
|b illustrations ;
|c 28 cm.
|
| 500 |
|
|
|a Includes statistical tables
|
| 526 |
|
|
|a AAL
|
| 541 |
|
|
|a Development Book Agency
|e 33734
|
| 650 |
|
|
|a Demographic surveys
|v Periodicals
|z Bangladesh
|9 28215
|
| 650 |
|
|
|a Demographic surveys
|9 28216
|
| 650 |
|
|
|a Population
|9 28217
|
| 651 |
|
|
|a Bangladesh
|v Periodicals
|x Statistics
|9 28218
|
| 651 |
|
|
|a Bangladesh
|v Statistics
|x Population
|9 28219
|
| 710 |
|
|
|a Bangladesh Bureau of Statistics (BBS),
|b Statistics and Informatics Division (SID),
|b Ministry of Planning, Government of the People's Republic of Bangladesh.
|9 28220
|
| 852 |
|
|
|a Ayesha Abed Library
|c General Stacks
|
| 942 |
|
|
|2 ddc
|c BK
|
| 952 |
|
|
|0 0
|1 0
|2 ddc
|4 0
|6 304_609549200000000_REP
|7 0
|9 64303
|a BRACUL
|b BRACUL
|c GEN
|d 2018-08-28
|e Development Book Agency
|g 400.00
|l 0
|o 304.6095492 REP
|p 3010033734
|r 2018-08-28
|t 1
|v 400.00
|w 2018-08-28
|y BK
|